<?xml version="1.0" encoding="UTF-8"?>
<marc:record xmlns:marc="http://www.loc.gov/MARC21/slim">
   <marc:leader>00000nam a2200000 a 4500</marc:leader>
   <marc:datafield ind1="1" ind2=" " tag="100">
      <marc:subfield code="a">Itze, Ulrike</marc:subfield>
      <marc:subfield code="4">aut</marc:subfield>
      <marc:subfield code="e">Verfasser/-in</marc:subfield>
   </marc:datafield>
   <marc:datafield ind1=" " ind2=" " tag="653">
      <marc:subfield code="a">Tod</marc:subfield>
   </marc:datafield>
   <marc:datafield ind1=" " ind2=" " tag="653">
      <marc:subfield code="a">Religionsunterricht</marc:subfield>
   </marc:datafield>
   <marc:datafield ind1=" " ind2=" " tag="653">
      <marc:subfield code="a">Grundschule</marc:subfield>
   </marc:datafield>
   <marc:datafield ind1=" " ind2=" " tag="653">
      <marc:subfield code="a">Sterben</marc:subfield>
   </marc:datafield>
   <marc:datafield ind1=" " ind2=" " tag="653">
      <marc:subfield code="a">Bildarbeit</marc:subfield>
   </marc:datafield>
   <marc:datafield ind1=" " ind2=" " tag="653">
      <marc:subfield code="a">Abschied</marc:subfield>
   </marc:datafield>
   <marc:datafield ind1=" " ind2=" " tag="653">
      <marc:subfield code="a">Lebenslabyrinth</marc:subfield>
   </marc:datafield>
   <marc:datafield ind1="0" ind2="0" tag="245">
      <marc:subfield code="a">Tod und Leben</marc:subfield>
   </marc:datafield>
   <marc:datafield ind1="0" ind2="0" tag="245">
      <marc:subfield code="b">mit Kindern in der Grundschule Hoffnung gestalten ; [mit Kopiervorlagen ; Grundschule]</marc:subfield>
   </marc:datafield>
   <marc:datafield ind1=" " ind2="1" tag="264">
      <marc:subfield code="b">Auer</marc:subfield>
      <marc:subfield code="c">2011</marc:subfield>
   </marc:datafield>
   <marc:datafield ind1="1" ind2=" " tag="520">
      <marc:subfield code="a">Den Umgang mit den Aspekten Leben, Tod, Abschied und Trauer in der Schule ermöglichen. Die Autorinnen dieses Bandes gehen in insgesamt 5 Kapiteln detailliert und einfühlsam auf dieses schwierige Thema ein: Kapitel 1 führt grundlegend in kindliche Todesvorstellungen ein und zeigt Bilder in ihrer Bedeutung für die kindliche Wahrnehmungs- und Ausdruckswelt und somit auch als wesentliche Elemente kindlicher Todeskonstrukte. Kapitel 2 zeigt 25 konkrete Bilder und Texte von Kindern im Grundschulalter, die selbst ausführlich ihre 'Werke' beschreiben und Eintritt gewähren in ihre reiche Gedankenwelt ...(Angaben aus der Verlagsmeldung)</marc:subfield>
   </marc:datafield>
</marc:record>
